Discourses, power negotiations and indigenous political organization in forest partnerships (Registro nro. 13642)
[ vista simple ]
| 000 -CABECERA | |
|---|---|
| Campo de control | 006670000a22001810004500 |
| 090 ## - CLASIFICACIÓN LOCAL | |
| Colección | AR |
| Consecutivo | 04542 |
| 041 0# - IDIOMA | |
| Código de idioma para texto/pista de sonido o título separado | |
| 100 1# - ASIENTO PRINCIPAL--NOMBRE PERSONAL | |
| Nombre personal | Berman Arévalo, Eloísa |
| 245 10 - MENCION DE TITULO | |
| Título | Discourses, power negotiations and indigenous political organization in forest partnerships |
| Version | the case of Selva de Matavén, Colombia |
| 650 14 - ASIENTO SECUNDARIO DE MATERIA - TERMINO TEMATICO | |
| Término temático o nombre geográfico como elemento de entrada | Ascociaciones agroforestales |
| 650 14 - ASIENTO SECUNDARIO DE MATERIA - TERMINO TEMATICO | |
| Término temático o nombre geográfico como elemento de entrada | Comunidades indígenas |
| 650 14 - ASIENTO SECUNDARIO DE MATERIA - TERMINO TEMATICO | |
| Término temático o nombre geográfico como elemento de entrada | Ordenamiento territorial |
| 650 14 - ASIENTO SECUNDARIO DE MATERIA - TERMINO TEMATICO | |
| Término temático o nombre geográfico como elemento de entrada | Participación indígena |
| 651 #4 - ASIENTO SECUNDARIO DE MATERIA - NOMBRE GEOGRAFICO | |
| -- | Colombia |
| -- | Selva de Matavén |
| 700 1# - ASIENTO SECUNDARIO - NOMBRE PERSONAL | |
| Nombre personal | Ros Tonen, Mirjam A.F. |
| 773 1# - Item fuente: | |
| Título | Human ecology |
| Detalles específicos del material | July |
| Paginas del Articulo | 16 h. |
| Lugar, editorial y fecha de publicación | 2009 |
| 942 ## - ELEMENTOS ADICIONALES (KOHA) | |
| Tipo de ítem | Artículo |
| Withdrawn status | Lost status | Damaged status | No para préstamo | Colección | Ubicación Permanente | Ubicación actual | Fecha de adquisición | Fuente de Valor | Datos de publicación Seriada | Total Checkouts | Número topográfico | Inventario / Código de Barras | Date last seen | Ejemplar | Price effective from | Forma de adquisición | Tipo de material |
|---|---|---|---|---|---|---|---|---|---|---|---|---|---|---|---|---|---|
| No para Préstamo | Hemeroteca | Bogotá | Bogotá | 10/11/2009 | PUJ | Fuera de circulación | AR 04542 | 027722 | 25/03/2015 | 1 | 25/03/2015 | Artículo |